Better vacation Bible schools. (Record no. 7421)

MARC details
000 -LEADER
fixed length control field 00654cam a22002411 4500
001 - CONTROL NUMBER
control field 7001313
003 - CONTROL NUMBER IDENTIFIER
control field GBCCL
005 - DATE AND TIME OF LATEST TRANSACTION
control field 20241126110627.0
008 - FIXED-LENGTH DATA ELEMENTS--GENERAL INFORMATION
fixed length control field 790831s1957 tnu 001 0 eng
010 ## -
-- 57013894
035 ## - SYSTEM CONTROL NUMBER
System control number (OCoLC)5331948
040 ## - CATALOGING SOURCE
Original cataloging agency DLC
Transcribing agency A
Modifying agency DLC
042 ## -
-- premarc
050 00 -
-- BV1585
-- .B816
082 ## - DEWEY DECIMAL CLASSIFICATION NUMBER
Classification number 268
Item number BUR
100 1# - MAIN ENTRY--PERSONAL NAME
Personal name Burnett, Sibley Curtis.
9 (RLIN) 13123
245 10 - TITLE STATEMENT
Title Better vacation Bible schools.
260 ## - PUBLICATION, DISTRIBUTION, ETC.
Place of publication, distribution, etc. Nashville,
Name of publisher, distributor, etc. Convention Press
Date of publication, distribution, etc. [1957]
300 ## - PHYSICAL DESCRIPTION
Extent 150 p.
Dimensions 20 cm.
650 #0 - SUBJECT ADDED ENTRY--TOPICAL TERM
Topical term or geographic name entry element Vacation schools, Religious.
9 (RLIN) 13124
906 ## - LOCAL DATA ELEMENT F, LDF (RLIN)
a 7
b cbc
c oclcrpl
d u
e ncip
f 19
g y-gencatlg
942 ## - ADDED ENTRY ELEMENTS (KOHA)
Source of classification or shelving scheme Dewey Decimal Classification
Koha item type Books
Koha issues (borrowed), all copies 1
Holdings
Withdrawn status Lost status Source of classification or shelving scheme Damaged status Not for loan Home library Current Library Shelving location Date acquired Total checkouts Full call number Barcode Date last seen Date last checked out Copy number Price effective from Koha item type
    Dewey Decimal Classification     GRACE BIBLE COLLEGE GRACE BIBLE COLLEGE Ministry & Mission 2018-08-07 1 268 BUR 002537 2025-05-01 2021-03-22 c.1 2018-08-07 Books
    Dewey Decimal Classification     GRACE BIBLE COLLEGE GRACE BIBLE COLLEGE Ministry & Mission 2018-08-07   268 BUR 002538 2025-05-01   c.2 2018-08-07 Books
    Dewey Decimal Classification     GRACE BIBLE COLLEGE GRACE BIBLE COLLEGE Ministry & Mission 2018-08-07   268 BUR 002544 2025-05-01   c.3 2018-08-07 Books
© Grace Bible College Library 2025